[Event "Mittelrhein Verbandsliga West 1920"]
[Site "Mittelrhein"]
[Date "2020.01.19"]
[Round "5.3"]
[White "Voulon, Oliver"]
[Black "Gernert, Michael"]
[Result "1-0"]
[WhiteElo "1974"]
[BlackElo "1748"]
[PlyCount "65"]
[EventDate "2019.09.29"]
[EventType "team-tourn"]
[EventRounds "9"]
[EventCountry "GER"]
[SourceTitle "EXT 2023"]
[Source "ChessBase"]
[SourceDate "2022.10.05"]
[SourceVersion "1"]
[SourceVersionDate "2022.10.05"]
[SourceQuality "1"]
[WhiteTeam "Lendersdorf"]
[BlackTeam "Kalterherberg"]
[WhiteTeamCountry "GER"]
[BlackTeamCountry "GER"]

1. d4 Nf6 2. Nf3 e6 3. c4 c5 4. d5 d6 5. Nc3 e5 6. e4 Be7 7. Be2 0-0 8. 0-0 Nbd7 9. Bg5 h6 10. Bh4 Ne8 11. Bxe7 Qxe7 12. Qc2 a6 13. Nd2 Nef6 14. g3 g5 15. f4 exf4 16. gxf4 gxf4 17. Rxf4 Ne5 18. Kh1 Ng6 19. Rg1 Qe5 20. Rf2 Kg7 21. Nd1 Bd7 22. Ne3 Rae8 23. Bd3 Qh5 24. Nf5+ Bxf5 25. exf5 Ng4 26. Rfg2 N6e5 27. Be2 Kh8 28. Bxg4 Qh4 29. Qc3 f6 30. Be2 Re7 31. Nf3 Nxf3 32. Bxf3 Rfe8 33. Rg4 1-0